Statistics for Countries with letter O as Second Letter

Click here to take the quiz!

General Stats

  • This quiz has been taken 193 times
  • The average score is 24 of 30

Answer Stats

Country% Correct
South Korea
91%
North Korea
88%
Togo
88%
Poland
86%
Bolivia
85%
Kosovo
85%
Morocco
85%
Portugal
85%
Romania
85%
South Africa
85%
South Sudan
84%
Colombia
83%
Comoros
83%
Norway
83%
Somalia
83%
Honduras
82%
Monaco
82%
Mongolia
79%
Jordan
78%
Bosnia and Herzegovina
77%
Tonga
77%
Montenegro
75%
Botswana
73%
Costa Rica
70%
Dominica
70%
Moldova
70%
Dominican Republic
69%
Mozambique
66%
Solomon Islands
65%
North Macedonia
58%

Score Distribution

Percentile by Number Answered

Percent of People with Each Score

Your Score History

You have not taken this quiz